<?xml version="1.0" encoding="UTF-8"?>
<record
    xmlns:xsi="http://www.w3.org/2001/XMLSchema-instance"
    xsi:schemaLocation="http://www.loc.gov/MARC21/slim http://www.loc.gov/standards/marcxml/schema/MARC21slim.xsd"
    xmlns="http://www.loc.gov/MARC21/slim">

  <leader>01238nam a2200313   4500</leader>
  <controlfield tag="003">DO-SdBNP</controlfield>
  <controlfield tag="005">20220825085528.0</controlfield>
  <controlfield tag="007">ta</controlfield>
  <controlfield tag="008">210928b2018     a|||e |||| 00| 0aspa d</controlfield>
  <datafield tag="020" ind1=" " ind2=" ">
    <subfield code="a">9789945168624</subfield>
  </datafield>
  <datafield tag="040" ind1=" " ind2=" ">
    <subfield code="a">DO-SdBNP</subfield>
    <subfield code="b">spa</subfield>
    <subfield code="c">BPMSU </subfield>
  </datafield>
  <datafield tag="082" ind1="4" ind2=" ">
    <subfield code="a">158.3  </subfield>
    <subfield code="b">H557p 2019</subfield>
    <subfield code="2">22</subfield>
  </datafield>
  <datafield tag="100" ind1=" " ind2="1">
    <subfield code="a">Hern&#xE1;ndez, Carlos,</subfield>
    <subfield code="d">1957-</subfield>
  </datafield>
  <datafield tag="245" ind1=" " ind2=" ">
    <subfield code="a">Psicodiagn&#xF3;stico a trav&#xE9;s del dibujo de la figura humana /</subfield>
    <subfield code="c">Carlos Hern&#xE1;ndez, </subfield>
  </datafield>
  <datafield tag="250" ind1=" " ind2=" ">
    <subfield code="a">4ta. ed.</subfield>
  </datafield>
  <datafield tag="260" ind1=" " ind2=" ">
    <subfield code="a">Santo Domingo : </subfield>
    <subfield code="b">B&#xFA;ho,</subfield>
    <subfield code="c">2018</subfield>
  </datafield>
  <datafield tag="300" ind1=" " ind2=" ">
    <subfield code="a">172 p. : </subfield>
    <subfield code="b">il. : </subfield>
    <subfield code="c">24 cm.</subfield>
  </datafield>
  <datafield tag="490" ind1="0" ind2=" ">
    <subfield code="a">Temas de psicolog&#xED;a, </subfield>
    <subfield code="v">1</subfield>
  </datafield>
  <datafield tag="500" ind1=" " ind2=" ">
    <subfield code="a">Incluye datos biogr&#xE1;ficos del autor en la contracubierta </subfield>
  </datafield>
  <datafield tag="504" ind1=" " ind2=" ">
    <subfield code="a">Bibliograf&#xED;a : p. 167-172</subfield>
  </datafield>
  <datafield tag="505" ind1=" " ind2=" ">
    <subfield code="a">Incluye &#xED;ndice de contenido </subfield>
    <subfield code="t">Cap&#xED;tulo I. Las t&#xE9;cnicas proyectivas :  fundamentos te&#xF3;ricos --</subfield>
    <subfield code="t">Cap&#xED;tulo II. Test dibujo de la figura humana de Koppitz --</subfield>
    <subfield code="t">Cap&#xED;tulo III.Test  dibujo de la familia --</subfield>
    <subfield code="t">Cap&#xED;tulo IV. Test dibujo de la figura humana de Machover --</subfield>
  </datafield>
  <datafield tag="590" ind1=" " ind2=" ">
    <subfield code="a">inventariado, 2022/VM</subfield>
  </datafield>
  <datafield tag="650" ind1="4" ind2=" ">
    <subfield code="a">Psicodiagn&#xF3;stico </subfield>
    <subfield code="x"> Metodolog&#xED;a.</subfield>
  </datafield>
  <datafield tag="650" ind1="4" ind2=" ">
    <subfield code="a">Psicolog&#xED;a cl&#xED;nica.</subfield>
    <subfield code="x"> </subfield>
  </datafield>
  <datafield tag="650" ind1=" " ind2="4">
    <subfield code="a">Psicolog&#xED;a aplicada.</subfield>
  </datafield>
  <datafield tag="650" ind1=" " ind2="4">
    <subfield code="a">Psicoan&#xE1;lisis</subfield>
    <subfield code="v">T&#xE9;cnicas.</subfield>
  </datafield>
  <datafield tag="910" ind1=" " ind2=" ">
    <subfield code="a">VMateo V. </subfield>
  </datafield>
  <datafield tag="942" ind1=" " ind2=" ">
    <subfield code="2">ddc</subfield>
    <subfield code="c">BK</subfield>
  </datafield>
  <datafield tag="952" ind1=" " ind2=" ">
    <subfield code="0">0</subfield>
    <subfield code="1">0</subfield>
    <subfield code="2">ddc</subfield>
    <subfield code="4">0</subfield>
    <subfield code="7">0</subfield>
    <subfield code="8">CD</subfield>
    <subfield code="a">BPMET</subfield>
    <subfield code="b">BPMET</subfield>
    <subfield code="d">2022-08-25</subfield>
    <subfield code="e">B&#xFA;ho</subfield>
    <subfield code="o">BPMSU CD 158.3 H557p 2018</subfield>
    <subfield code="p">BPMSU22080042</subfield>
    <subfield code="r">2022-08-25</subfield>
    <subfield code="w">2022-08-25</subfield>
    <subfield code="y">BK</subfield>
  </datafield>
  <datafield tag="952" ind1=" " ind2=" ">
    <subfield code="0">0</subfield>
    <subfield code="1">0</subfield>
    <subfield code="2">ddc</subfield>
    <subfield code="4">0</subfield>
    <subfield code="7">0</subfield>
    <subfield code="8">CD</subfield>
    <subfield code="a">BPMET</subfield>
    <subfield code="b">BPMET</subfield>
    <subfield code="d">2022-08-25</subfield>
    <subfield code="e">B&#xFA;ho</subfield>
    <subfield code="o">BPMSU CD 158.3 H557p 2018</subfield>
    <subfield code="p">BPMSU22080043</subfield>
    <subfield code="r">2022-08-25</subfield>
    <subfield code="t">e.2</subfield>
    <subfield code="w">2022-08-25</subfield>
    <subfield code="y">BK</subfield>
  </datafield>
  <datafield tag="952" ind1=" " ind2=" ">
    <subfield code="0">0</subfield>
    <subfield code="1">0</subfield>
    <subfield code="2">ddc</subfield>
    <subfield code="4">0</subfield>
    <subfield code="7">0</subfield>
    <subfield code="8">CD</subfield>
    <subfield code="a">BPMET</subfield>
    <subfield code="b">BPMET</subfield>
    <subfield code="d">2022-08-25</subfield>
    <subfield code="e">B&#xFA;ho</subfield>
    <subfield code="o">BPMSU CD 158.3 H557p 2018</subfield>
    <subfield code="p">BPMSU22080044</subfield>
    <subfield code="r">2022-08-25</subfield>
    <subfield code="t">e.3</subfield>
    <subfield code="w">2022-08-25</subfield>
    <subfield code="y">BK</subfield>
  </datafield>
  <datafield tag="999" ind1=" " ind2=" ">
    <subfield code="c">14249</subfield>
    <subfield code="d">14249</subfield>
  </datafield>
</record>
